000 00733nam a2200253Ia 4500
003 OSt
005 20220925203248.0
006 a|||||r|||| 00| 0
007 ta
008 220923b |||||||| |||| 00| 0 eng d
037 _cGeneral Book
040 _aRTL
_cRTL
_beng
041 _2eng
_aeng
082 _aB281, M9
100 _aIvanov A V
_9265284
245 0 _aStatistical analysis of random fields
260 _aDordrecht
_bKluwer Academic
_c1989
300 _ax,244p
_ccm.
490 _aMathematics and its Appliations: Soviet Series.
500 _aBibliography: P 216-32
700 _a Leonenko N N
_9265285
942 _hB281, M9
_cGB
_2CC
999 _c545684
_d545684